| 000 | 00884nam a22002177a 4500 | ||
|---|---|---|---|
| 999 |
_c19344 _d19344 |
||
| 003 | AR-CdUCM | ||
| 008 | 190517b ||||| |||| 00| 0 spa d | ||
| 040 |
_aMUNICIPALIDAD PROVINCIAL DEL CUSCO _cBIBLIOTECA MUNICIPAL DEL CUSCO |
||
| 082 |
_a352.008 / _bAL41 |
||
| 100 |
_aAlfaro Limaya, Javier _931041 |
||
| 245 | _aManual del Alcalde y Regidor moderno / | ||
| 260 |
_aLima : _bFECAT, _c1999. |
||
| 300 |
_a576 páginas ; _c21.5 cm. |
||
| 505 | _aContenido: Ley Orgánica de Municipalidades -- La Administración Municipal en el Perú -- La Municipalidad y sus fines -- Las funciones del Gobierno Municipal -- Las disposiciones Municipales -- Los órganos desconcentrados en las Municipalidades ... | ||
| 650 |
_aGobiernos _910721 |
||
| 650 |
_aPerú _935 |
||
| 650 |
_aMuniciapalidades _940629 |
||
| 650 |
_aFunciones _920052 |
||
| 942 |
_2ddc _cLIBROS |
||
| 945 |
_aachl _d2019-05-17 |
||